| 000 | 00402nam a2200157Ia 4500 | ||
|---|---|---|---|
| 008 | 230917s9999||||xx |||||||||||||| ||und|| | ||
| 040 |
_e25601 _aMAIN |
||
| 041 | _aEnglish | ||
| 082 | _a332.6 E84M | ||
| 100 | _aElton, Edwin J | ||
| 245 | 0 | _aModern portfolio theory and investment analysis | |
| 250 | _a5th ed. | ||
| 260 |
_aSingapore _bJohn Wiley & Sons _c1995 |
||
| 300 | _ax, 715 p. | ||
| 942 | _cBK | ||
| 999 |
_c97795 _d97795 |
||